| 000 | 00734nam a22002177a 4500 | ||
|---|---|---|---|
| 005 | 20240530110922.0 | ||
| 008 | 220221s ua a g b 000 0 ara d | ||
| 040 |
_aEG-CaGPL _cEG-CaGPL |
||
| 082 | 0 | 4 |
_221 _a811.008 \ _bم ف |
| 100 | 0 | _aمحمد عبدالغنى حسن | |
| 245 | 1 | 0 |
_aفى صحبة الشعر والشعراء / _cمحمد عبدالغنى حسن |
| 250 | _aط.1 | ||
| 260 |
_aالقاهرة : _bعالم الكتب، _c( د.ت ) |
||
| 300 |
_a333 ص؛ _c24 سم |
||
| 650 | 0 | 7 |
_aالادب العربى _2qrmak |
| 650 | 0 | 7 |
_aالشعر العربى _2qrmak |
| 650 | 0 | 7 |
_aالفكاهة _2qrmak |
| 653 | 0 | _aالشعر فى رمضان | |
| 942 |
_2ddc _cBK |
||
| 999 |
_c66497 _d66497 |
||